Использование солнечных фотоэлектрических станций для электроснабжения автономных потребителей в условиях Приморского края; Современные техника и технологии; Т. 1

Dettagli Bibliografici
Parent link:Современные техника и технологии: 14 Международная научно-практическая конференция студентов, аспирантов и молодых ученых, г. Томск, 24-28 марта 2008 г./ Томский политехнический университет (ТПУ).— , 2008
Т. 1.— 2008.— С. 52-53
Altri autori: Козлов А. В. Артем Владимирович, Копылов В. В., Волков А. В., Юрченко А. В. Алексей Васильевич
Lingua:russo
Pubblicazione: 2008
Soggetti:
Natura: Capitolo di libro
KOHA link:https://koha.lib.tpu.ru/cgi-bin/koha/opac-detail.pl?biblionumber=148045

MARC

LEADER 00000naa2a2200000 4500
001 148045
005 20240223064747.0
035 |a (RuTPU)RU\TPU\book\160477 
090 |a 148045 
100 |a 20081125d2008 k y0rusy50 ca 
101 0 |a rus 
102 |a RU 
200 1 |a Использование солнечных фотоэлектрических станций для электроснабжения автономных потребителей в условиях Приморского края  |f А. В. Козлов [и др.] 
320 |a Библиогр.: 2 назв. 
461 1 |0 (RuTPU)RU\TPU\book\156858  |t Современные техника и технологии  |o 14 Международная научно-практическая конференция студентов, аспирантов и молодых ученых, г. Томск, 24-28 марта 2008 г.  |o труды  |o в 3 т.  |f Томский политехнический университет (ТПУ)  |d 2008 
463 0 |0 (RuTPU)RU\TPU\book\155176  |t Т. 1  |v С. 52-53  |d 2008  |p 538 с. 
610 1 |a солнечные станции 
610 1 |a электроснабжение 
610 1 |a автономные потребители 
610 1 |a Приморский край 
610 1 |a топливно-энергетические ресурсы 
610 1 |a труды учёных ТПУ 
701 1 |a Козлов  |b А. В.  |c специалист в области неразрушающего контроля  |c доцент Томского политехнического университета  |f 1978-  |g Артем Владимирович  |3 (RuTPU)RU\TPU\pers\30261 
701 1 |a Копылов  |b В. В. 
701 1 |a Волков  |b А. В. 
701 1 |a Юрченко  |b А. В.  |c физик  |c профессор Томского политехнического университета, доктор технических наук  |f 1974-  |g Алексей Васильевич  |y Томск  |3 (RuTPU)RU\TPU\pers\25599  |9 11528 
801 1 |a RU  |b 63413507  |c 20081125  |g PSBO 
801 2 |a RU  |b 63413507  |c 20160520  |g RCR 
942 |c BK